000 00743nam a2200277Ia 4500
003 OSt
005 20221006144838.0
006 a|||||r|||| 00| 0
007 ta
008 221006b |||||||| |||| 00| 0 jpn d
020 _c¥24000
024 _a12,910
037 _cTextual
040 _aEASL
_cEASL
_bjpn
041 _2jpn
_ajpn
082 _aw42,N50, N1
100 _aNISHIDA Yoshiaki Ed.
_9653001
245 0 _aNishiyama Kocihi Nikki 1925-50
260 _aTokyo
_bTokyo Daigaku Shuppan Japan
_c1991
300 _a1376+16
_ccm.
490 _v RR
650 _aJL
700 _a KUBO Yasudo Ed.
_9653002
942 _hw42,N50, N1
_cTEXL
_2CC
999 _c1080996
_d1080996